| Поле | Инд. | ПП | Название | Значение |
|---|---|---|---|---|
| Тип записи | a | |||
| Библиографический уровень | m | |||
| 001 | Контрольный номер | b14716d1a7bb413b867d8fdb92450f9e | ||
| 005 | Дата корректировки | 20260608112242.8 | ||
| 040 | a | Служба первич. каталог. | 10013504 | |
| b | Код языка каталог. | rus | ||
| e | Правила каталог. | PSBO | ||
| 041 | 0_ | a | Код языка текста | rus |
| 084 | a | Индекс другой классификации/Индекс ББК | доп. | |
| 090 | a | Полочн. индекс | А181 | |
| x | Авторский знак | Б 825 | ||
| r | Идентификатор организации | 10013504 | ||
| 100 | 1_ | a | Автор | Борисов Н.К. |
| 245 | 10 | a | Заглавие | Расчет тонкостенных каркасированных конструкций в условиях ползучести |
| b | Продолж. заглавия | автореферат диссертации ... кандидата технических наук : специальность 05.212 - Строительная механика и прочность летательных аппаратов | ||
| c | Ответственность | науч. рук. Ю.Г. Одиноков, В.Г. Шатаев; Казанский авиационный институт им.А.Н.Туполева | ||
| 260 | a | Место издания | Казань | |
| c | Дата издания | 1973 | ||
| 300 | a | Объем | 17 с. | |
| b | Иллюстрации/ тип воспроизводства | ил. | ||
| 653 | 0_ | a | Ключевые слова | АВТОРЕФЕРАТЫ |
| 700 | 12 | a | Другие авторы | Одиноков Ю.Г. |
| e | Роль лиц | Научный руководитель | ||
| a | Другие авторы | Шатаев В.Г. | ||
| e | Роль лиц | Научный руководитель | ||
| 901 | t | Тип документа | r | |
| 952 | d | Специальность | 05.212 Строительная механика и прочность летательных аппаратов | |
| a | Тип литературы для КСУ ВШ | БАНР | ||
| c | Вид литературы | автореферат |